LEADER 00778nam 2200253 450 001 9910375358403321 005 20200306093806.0 010 $a9788878857810 100 $a20200306d2020----u y0engy50 ba 101 0 $aita 102 $aIT 105 0 $a 00 200 1 $aMarx e la critica del presente$eAtti del convegno Marx e la critica del presente(1818 - 2018) Roma, 27 - 29 novembre 2018$fa cura di Marco Gatto 210 $aTorino$cRosenberg & Sellier$d2020 215 $a246 p.$d22 cm 225 $a<>critica sociale 610 0 $aMarxismo 676 $a335.4$v22$zita 700 1$aGatto,$bMarco$0615978 912 $a9910375358403321 952 $a335.4 GAT 1$b7068$fbfs 959 $aBFS 996 $aMarx e la critica del presente$91734348 997 $aUNINA LEADER 01158nam 2200277la 450 001 9910481534403321 005 20230503102529.0 035 $a(UK-CbPIL)2090351790 035 $a(CKB)5500000000105162 035 $a(EXLCZ)995500000000105162 100 $a20230503d1545 uy | 101 0 $aita 135 $aurcn||||a|bb| 200 10$aHistoria delle guerre esterne de' Romani di Appiano Alessandrino, tradotta da messer Alessandro Braccio secretario fiorentino, nuouamente impressa, et corretta 210 $aVenice $cAldo Eredi di Manuzio, 1449 or 50-1515$d1545 215 $aOnline resource ([175, 1] c., 8o) 300 $aReproduction of original in Biblioteca Nazionale Centrale di Firenze. 700 $aAppianus$b of Alexandria$0859937 701 $aBraccesi$b Alessandro$f1445-1503.$053214 701 $aManuzio$b Aldo$f1449 or 1450-1515.$0743643 801 0$bUk-CbPIL 801 1$bUk-CbPIL 906 $aBOOK 912 $a9910481534403321 996 $aHistoria delle guerre esterne de' Romani di Appiano Alessandrino, tradotta da messer Alessandro Braccio secretario fiorentino, nuouamente impressa, et corretta$92060944 997 $aUNINA